000
00349 a2200169 4500
001
190803
020
_a
978-85-62549-12-0
040
_c
Magnum
100
_a
Rennó, Regina
240
1
0
_a
Vila da onça
_l
por
245
1
0
_a
Vila da onça
300
_a
22
362
0
_a
2009
440
1
_a
Abacatte
697
_a
LITERATURA INFANTIL
942
_c
BK
999
_c
190803
_d
190803